Statistics for United States Tile Select

Click here to take the quiz!

General Stats

  • This quiz has been taken 88 times
  • The average score is 58 of 80

Answer Stats

QuestionTileSelect% Correct
U.S. StatesGuamNo
100%
U.S. StatesNorthern Mariana IslandsNo
100%
U.S. StatesOntarioNo
100%
U.S. StatesSpringfieldNo
100%
U.S. StatesTorontoNo
100%
U.S. StatesPuerto RicoNo
99%
U.S. StatesU.S. Virgin IslandsNo
99%
U.S. StatesAlaskaYes
96%
U.S. StatesCaliforniaYes
96%
U.S. StatesIllinoisYes
96%
U.S. StatesWyomingYes
96%
U.S. StatesNorth DakotaYes
95%
U.S. StatesOhioYes
95%
U.S. StatesWest VirginiaYes
95%
U.S. StatesHawaiiYes
94%
Landlocked StatesHawaiiNo
86%
U.S. StatesWashington D.C.No
86%
States ratified before 1800AlaskaNo
84%
State CapitalsLos AngelesNo
84%
Landlocked StatesMassachusettsNo
84%
State CapitalsMiamiNo
84%
State CapitalsNew York CityNo
84%
States ratified before 1800ColoradoNo
83%
Landlocked StatesMaineNo
83%
Landlocked StatesNew JerseyNo
83%
Landlocked StatesOregonNo
83%
States ratified before 1800South DakotaNo
83%
State CapitalsWarwickNo
83%
Landlocked StatesWashingtonNo
83%
States ratified before 1800ArizonaNo
82%
State CapitalsSacramentoYes
82%
States ratified before 1800WisconsinNo
82%
State CapitalsHoustonNo
81%
States ratified before 1800New MexicoNo
81%
Landlocked StatesTexasNo
81%
States ratified before 1800VirginiaYes
81%
Landlocked StatesKansasYes
79%
States ratified before 1800MassachusettsYes
79%
State CapitalsPhoenixYes
79%
Landlocked StatesNebraskaYes
78%
States ratified before 1800PennsylvaniaYes
78%
Landlocked StatesUtahYes
78%
Landlocked StatesMissouriYes
77%
States ratified before 1800ConnecticutYes
75%
State CapitalsSpringfieldYes
75%
Landlocked StatesArkansasYes
74%
State CapitalsDenverYes
74%
State CapitalsJuneauYes
74%
States ratified before 1800New JerseyYes
74%
State CapitalsJacksonYes
73%
States ratified before 1800New HampshireYes
73%
State CapitalsNashvilleYes
70%
State CapitalsCharlotteNo
69%
State CapitalsKansas CityNo
69%
State CapitalsConcordYes
68%
State CapitalsHarrisburgYes
66%
States which flags contain redAlabamaYes
65%
Landlocked StatesNew HampshireNo
65%
States which flags contain redOregonNo
61%
States which flags contain redSouth DakotaNo
61%
States ratified before 1800South CarolinaYes
60%
States which flags contain redWashingtonNo
60%
States which flags contain redNebraskaNo
57%
States ratified before 1800OhioNo
56%
States which flags contain redSouth CarolinaNo
56%
States which flags contain redKentuckyNo
55%
States which flags contain redRhode IslandNo
53%
Landlocked StatesVermontYes
53%
States which flags contain redTennesseeYes
52%
States which flags contain redOhioYes
49%
Landlocked StatesPennsylvaniaYes
44%
States which flags contain redWyomingYes
42%
States which flags contain redNorth CarolinaYes
40%
Landlocked StatesMichiganYes
39%
States which flags contain redLouisianaYes
36%
States which flags contain redIllinoisYes
34%
States which flags contain redNew JerseyYes
34%
States which flags contain redWisconsinYes
31%
States ratified before 1800KentuckyYes
21%
States ratified before 1800New YorkNo
10%

Score Distribution

Percentile by Number Answered

Percent of People with Each Score

Your Score History

You have not taken this quiz